[Event "Dortmund Sparkassen op"]
[Site "Dortmund"]
[Date "2008.07.05"]
[Round "8"]
[White "Klatt, Peter"]
[Black "Naiditsch, Marija"]
[Result "0-1"]
[WhiteElo "2016"]
[BlackElo "1957"]
[PlyCount "80"]
[EventDate "2008.06.30"]
[EventType "swiss"]
[EventRounds "9"]
[EventCountry "GER"]
[SourceTitle "CBM 125 Extra"]
[Source "ChessBase"]
[SourceDate "2008.09.01"]
[SourceVersion "1"]
[SourceVersionDate "2008.09.01"]
[SourceQuality "1"]

1. c4 e5 2. Nf3 Nc6 3. Nc3 Nf6 4. g3 Bc5 5. Bg2 d6 6. a3 a5 7. 0-0 h6 8. d3 0-0 9. e3 Bb6 10. Rb1 Bf5 11. Nh4 Bh7 12. Nd5 Ba7 13. b4 g5 14. Nxf6+ Qxf6 15. Nf3 Qg6 16. Ne1 Rab8 17. b5 Ne7 18. e4 Qe6 19. Bd2 Bb6 20. Kh1 f5 21. exf5 Bxf5 22. f4 Bg4 23. Bf3 Bh3 24. Ng2 g4 25. Be4 c6 26. bxc6 bxc6 27. c5 Bxc5 28. Qc2 Bxa3 29. f5 Qf6 30. Qa2+ d5 31. Qxa3 dxe4 32. dxe4 Rxb1 33. Rxb1 Nxf5 34. Qa2+ Kh8 35. exf5 Qxf5 36. Be3 Bxg2+ 37. Kxg2 Qf3+ 38. Kg1 Qxe3+ 39. Kg2 Rd8 40. Rb2 Qf3+ 0-1

[Event "Dortmund Sparkassen op"]
[Site "Dortmund"]
[Date "2008.06.30"]
[Round "1"]
[White "Naiditsch, Marija"]
[Black "Marquardt, Benedikt"]
[Result "1/2-1/2"]
[WhiteElo "1957"]
[BlackElo "2109"]
[PlyCount "60"]
[EventDate "2008.06.30"]
[EventType "swiss"]
[EventRounds "9"]
[EventCountry "GER"]
[SourceTitle "CBM 125 Extra"]
[Source "ChessBase"]
[SourceDate "2008.09.01"]
[SourceVersion "1"]
[SourceVersionDate "2008.09.01"]
[SourceQuality "1"]

1. e4 c5 2. c3 Nf6 3. e5 Nd5 4. d4 cxd4 5. Qxd4 e6 6. Nf3 Nc6 7. Qe4 d6 8. exd6 Bxd6 9. Bb5 Bd7 10. 0-0 Qc7 11. Nbd2 a6 12. Ba4 b5 13. Bc2 Nf6 14. Qh4 Ne5 15. Nxe5 Bxe5 16. Ne4 Nxe4 17. Bxe4 Bc6 18. Bxc6+ Qxc6 19. Re1 Qc7 20. Qh5 Rd8 21. Bg5 Rd5 22. Bf4 g5 23. Bg3 Bxg3 24. hxg3 Ke7 25. Rad1 Rhd8 26. Rxd5 Rxd5 27. Qxh7 Rd2 28. Qf5 Rxb2 29. Qxg5+ Ke8 30. Qg8+ Ke7 1/2-1/2

[Event "Ruhrgebiet Regionalliga 0708"]
[Site "Germany"]
[Date "2008.05.04"]
[Round "9.8"]
[White "Naiditsch, Marija"]
[Black "Nattermueller, Irina"]
[Result "0-1"]
[WhiteElo "1964"]
[BlackElo "2083"]
[PlyCount "62"]
[EventDate "2007.09.16"]
[EventType "team"]
[EventRounds "9"]
[EventCountry "GER"]
[SourceTitle "EXT 2009"]
[Source "ChessBase"]
[SourceDate "2008.11.26"]
[SourceVersion "1"]
[SourceVersionDate "2008.11.26"]
[SourceQuality "1"]
[WhiteTeam "Brackel"]
[BlackTeam "Ahlen"]
[WhiteTeamCountry "GER"]
[BlackTeamCountry "GER"]

1. e4 c5 2. c3 d6 3. d4 Nf6 4. Bd3 Qc7 5. Nf3 g6 6. e5 dxe5 7. dxe5 Ng4 8. Bf4 Bg7 9. Bb5+ Nc6 10. Qd5 0-0 11. Qxc5 Ncxe5 12. Qe3 Nxf3+ 13. Qxf3 e5 14. Be3 Be6 15. 0-0 f5 16. Nd2 e4 17. Qe2 Ne5 18. Bf4 Rac8 19. Rfd1 Qe7 20. Bxe5 Bxe5 21. Bc4 Bb8 22. Bxe6+ Qxe6 23. Qb5 Rf7 24. Nf1 a6 25. Qd5 Qe7 26. a4 f4 27. Rd4 e3 28. fxe3 fxe3 29. Re4 Qf6 30. Rxe3 Ba7 31. Kh1 Qf2 0-1

[Event "Dortmund op-A"]
[Site "Dortmund"]
[Date "2007.06.30"]
[Round "8"]
[White "Matula, Artur"]
[Black "Naiditsch, Marija"]
[Result "0-1"]
[WhiteElo "1685"]
[BlackElo "1982"]
[PlyCount "68"]
[EventDate "2007.06.22"]
[EventType "swiss"]
[EventRounds "9"]
[EventCountry "GER"]
[SourceTitle "EXT 2008"]
[Source "ChessBase"]
[SourceDate "2007.11.25"]
[SourceVersion "1"]
[SourceVersionDate "2007.11.25"]
[SourceQuality "1"]

1. d4 d5 2. Nf3 c6 3. c4 Nf6 4. cxd5 cxd5 5. Nc3 Nc6 6. Bf4 e6 7. e3 a6 8. Bd3 Be7 9. 0-0 0-0 10. Rc1 Nh5 11. Bg3 Nxg3 12. hxg3 Bf6 13. Bb1 Re8 14. Qe2 g6 15. Rfd1 Qb6 16. Na4 Qa5 17. Nc5 Qb5 18. Qxb5 axb5 19. a3 Na5 20. Nd3 Bd7 21. Nfe5 Bc6 22. Rc3 Nc4 23. Nxc4 bxc4 24. Nb4 Bb5 25. f4 Be7 26. Na2 Ba4 27. Bc2 Bc6 28. Kf2 Bd8 29. Bb1 Ba5 30. Rcc1 Rec8 31. g4 b5 32. g5 Kg7 33. Rh1 Rab8 34. e4 Bd2 0-1

[Event "Dortmund op-A"]
[Site "Dortmund"]
[Date "2007.06.28"]
[Round "6"]
[White "Wesoly, Helge"]
[Black "Naiditsch, Marija"]
[Result "1/2-1/2"]
[WhiteElo "1858"]
[BlackElo "1982"]
[PlyCount "89"]
[EventDate "2007.06.22"]
[EventType "swiss"]
[EventRounds "9"]
[EventCountry "GER"]
[SourceTitle "EXT 2008"]
[Source "ChessBase"]
[SourceDate "2007.11.25"]
[SourceVersion "1"]
[SourceVersionDate "2007.11.25"]
[SourceQuality "1"]

1. d4 d5 2. c4 c6 3. Nc3 e5 4. cxd5 cxd5 5. dxe5 d4 6. Ne4 Qa5+ 7. Nd2 Nc6 8. Ngf3 Bg4 9. g3 Bxf3 10. exf3 Qxe5+ 11. Qe2 0-0-0 12. Qxe5 Nxe5 13. f4 Nc6 14. Bh3+ Kb8 15. 0-0 Nf6 16. a3 Bd6 17. Re1 Rhe8 18. Rxe8 Rxe8 19. Kf1 g6 20. Nc4 Bc7 21. Bg2 Ne4 22. Bxe4 Rxe4 23. Nd2 Re8 24. Nf3 h6 25. Bd2 Rd8 26. Re1 d3 27. Bc3 Bb6 28. Rd1 Kc7 29. Ne1 Re8 30. Rxd3 a5 31. Nf3 Bc5 32. Ne5 Nxe5 33. fxe5 b6 34. f4 h5 35. Kg2 Kc6 36. Kf3 Be7 37. h3 Rg8 38. g4 hxg4+ 39. hxg4 Rh8 40. Ke4 Rh4 41. Rg3 Rh2 42. f5 Bh4 43. Re3 Rg2 44. fxg6 Rxg4+ 45. Kf5 1/2-1/2

[Event "Dortmund op-A"]
[Site "Dortmund"]
[Date "2007.06.22"]
[Round "1"]
[White "Naiditsch, Marija"]
[Black "Kolkin, Michail"]
[Result "0-1"]
[WhiteElo "1982"]
[BlackElo "2261"]
[PlyCount "40"]
[EventDate "2007.06.22"]
[EventType "swiss"]
[EventRounds "9"]
[EventCountry "GER"]
[SourceTitle "EXT 2008"]
[Source "ChessBase"]
[SourceDate "2007.11.25"]
[SourceVersion "1"]
[SourceVersionDate "2007.11.25"]
[SourceQuality "1"]

1. e4 c5 2. c3 b6 3. d4 Bb7 4. Bd3 Nf6 5. Nd2 cxd4 6. cxd4 g6 7. Ngf3 Bg7 8. 0-0 0-0 9. Re1 d6 10. b3 Nbd7 11. Ba3 Rc8 12. Rc1 Rxc1 13. Qxc1 Qa8 14. Qd1 Rc8 15. Bc4 e6 16. Bxd6 Nxe4 17. Nxe4 Bxe4 18. Ng5 Bd5 19. Bxd5 Qxd5 20. Qf3 Qxg5 0-1

[Event "Dortmund Sparkassen op-A"]
[Site "Dortmund"]
[Date "2006.08.06"]
[Round "9"]
[White "Naiditsch, Marija"]
[Black "Toel, Karl Ludwig"]
[Result "0-1"]
[WhiteElo "2004"]
[BlackElo "2072"]
[PlyCount "100"]
[EventDate "2006.07.28"]
[EventType "swiss"]
[EventRounds "9"]
[EventCountry "GER"]
[SourceTitle "CBM 113 Extra"]
[Source "ChessBase"]
[SourceDate "2006.09.14"]
[SourceVersion "1"]
[SourceVersionDate "2006.09.14"]
[SourceQuality "1"]

1. e4 e5 2. Nf3 d6 3. d4 exd4 4. Nxd4 Nf6 5. Nc3 Be7 6. Bf4 0-0 7. Be2 d5 8. e5 Ne4 9. Nxe4 dxe4 10. 0-0 c5 11. Nb5 Nc6 12. Qxd8 Rxd8 13. Nc7 Rb8 14. c3 g5 15. Bg3 Bf5 16. Bc4 Bg6 17. e6 f5 18. f4 exf3 19. gxf3 f4 20. Be1 Bd3 21. Bxd3 Rxd3 22. c4 Nd4 23. Nd5 Kf8 24. Bc3 Nxf3+ 25. Kh1 b5 26. Rad1 Rxd1 27. Rxd1 bxc4 28. Nf6 Bxf6 29. Bxf6 Nd4 30. e7+ Ke8 31. Rd2 h6 32. h4 g4 33. Be5 Rb6 34. Bxd4 cxd4 35. Rxd4 Rxb2 36. Rxc4 Rf2 37. Re4 g3 38. Kg1 f3 39. Re3 h5 40. a3 a6 41. a4 a5 42. Rc3 Kxe7 43. Rc7+ Kd6 44. Rg7 Rg2+ 45. Kf1 Kc5 46. Rg5+ Kb4 47. Rf5 Rf2+ 48. Ke1 Kxa4 49. Rg5 Rg2 50. Kf1 Kb4 0-1

[Event "Dortmund Sparkassen op-A"]
[Site "Dortmund"]
[Date "2006.08.04"]
[Round "7"]
[White "Naiditsch, Marija"]
[Black "Maniocha, Marek"]
[Result "0-1"]
[WhiteElo "2004"]
[BlackElo "2067"]
[PlyCount "86"]
[EventDate "2006.07.28"]
[EventType "swiss"]
[EventRounds "9"]
[EventCountry "GER"]
[SourceTitle "CBM 113 Extra"]
[Source "ChessBase"]
[SourceDate "2006.09.14"]
[SourceVersion "1"]
[SourceVersionDate "2006.09.14"]
[SourceQuality "1"]

1. e4 e5 2. Nf3 Nc6 3. Bc4 d6 4. c3 Nf6 5. d3 Be7 6. Nbd2 0-0 7. 0-0 a6 8. Bb3 d5 9. exd5 Nxd5 10. Ne4 Kh8 11. Nfg5 g6 12. c4 Nf4 13. Bxf4 exf4 14. Nf3 Bg4 15. h3 Bxf3 16. Qxf3 Nd4 17. Qd1 Qd7 18. Nd2 Rad8 19. Nf3 Nc6 20. Qd2 Qf5 21. Rad1 Bf6 22. Rfe1 b6 23. a3 Rd6 24. Bc2 Rfd8 25. Bb1 Nd4 26. Nxd4 Bxd4 27. Re4 g5 28. Qe2 Kg7 29. Rd2 Rf6 30. Qf3 c5 31. Qg4 Qxg4 32. hxg4 Rh6 33. Ba2 Rh4 34. Bb3 Rxg4 35. Bd1 Rh4 36. Kf1 Rd6 37. g3 fxg3 38. fxg3 Rh1+ 39. Kg2 Rg1+ 40. Kh3 Rh6+ 41. Kg4 Kg6 42. Re8 f5+ 43. Kf3 g4+ 0-1

[Event "Dortmund Sparkassen op-A"]
[Site "Dortmund"]
[Date "2006.07.30"]
[Round "3"]
[White "Naiditsch, Marija"]
[Black "Hilverda, Alexander"]
[Result "1/2-1/2"]
[WhiteElo "2004"]
[BlackElo "2132"]
[PlyCount "66"]
[EventDate "2006.07.28"]
[EventType "swiss"]
[EventRounds "9"]
[EventCountry "GER"]
[SourceTitle "CBM 113 Extra"]
[Source "ChessBase"]
[SourceDate "2006.09.14"]
[SourceVersion "1"]
[SourceVersionDate "2006.09.14"]
[SourceQuality "1"]

1. e4 c5 2. c3 Nf6 3. e5 Nd5 4. d4 cxd4 5. Qxd4 e6 6. Nf3 Nc6 7. Qe4 d6 8. Nbd2 dxe5 9. Nxe5 Nxe5 10. Qxe5 Qd6 11. Bb5+ Bd7 12. Bxd7+ Qxd7 13. Ne4 Nb6 14. 0-0 Qd5 15. Qxd5 Nxd5 16. c4 Nb6 17. b3 Be7 18. Bb2 0-0 19. Rfd1 Rfd8 20. Be5 Rd7 21. Rxd7 Nxd7 22. Bd6 Kf8 23. h3 f5 24. Bxe7+ Kxe7 25. Nc3 a6 26. Re1 Rc8 27. Nd5+ Kf7 28. Nf4 Rc6 29. Rd1 Ke7 30. Kf1 b5 31. cxb5 axb5 32. Rd2 g5 33. Ne2 Nf6 1/2-1/2

[Event "Dortmund Sparkassen op-A"]
[Site "Dortmund"]
[Date "2006.07.28"]
[Round "2"]
[White "Naiditsch, Marija"]
[Black "Schwietering, Ralf"]
[Result "1-0"]
[WhiteElo "2004"]
[BlackElo "1818"]
[PlyCount "47"]
[EventDate "2006.07.28"]
[EventType "swiss"]
[EventRounds "9"]
[EventCountry "GER"]
[SourceTitle "CBM 113 Extra"]
[Source "ChessBase"]
[SourceDate "2006.09.14"]
[SourceVersion "1"]
[SourceVersionDate "2006.09.14"]
[SourceQuality "1"]

1. e4 c5 2. c3 d6 3. d4 cxd4 4. cxd4 g6 5. Nc3 Bg7 6. Nf3 a6 7. h3 Nf6 8. Be3 0-0 9. Bd3 Bd7 10. d5 b5 11. Qb3 Qa5 12. 0-0 b4 13. a4 bxc3 14. Bb6 cxb2 15. Ra2 Bxa4 16. Rxa4 Qxa4 17. Qxa4 Nfd7 18. Bd4 Nc5 19. Qc2 Bxd4 20. Nxd4 Nbd7 21. Nc6 a5 22. Nxe7+ Kg7 23. Qxb2+ Ne5 24. Bc2 1-0

[Event "NRW Class1 0506"]
[Site "Germany"]
[Date "2006.02.12"]
[Round "6.8"]
[White "Naiditsch, Marija"]
[Black "Roitburd, Talic"]
[Result "0-1"]
[WhiteElo "2009"]
[BlackElo "2123"]
[PlyCount "50"]
[EventDate "2005.09.25"]
[EventType "team"]
[EventRounds "9"]
[EventCountry "GER"]
[SourceTitle "EXT 2006"]
[Source "ChessBase"]
[SourceDate "2005.11.24"]
[SourceVersion "1"]
[SourceVersionDate "2005.11.24"]
[SourceQuality "1"]
[WhiteTeam "Brackel"]
[BlackTeam "Muelheim Nord II"]
[WhiteTeamCountry "GER"]
[BlackTeamCountry "GER"]

1. e4 c5 2. c3 d6 3. d4 Nf6 4. Bd3 g6 5. Nf3 Bg7 6. 0-0 0-0 7. e5 dxe5 8. dxe5 Ng4 9. Bf4 Nc6 10. Re1 Qb6 11. Qc2 Rd8 12. h3 Nxf2 13. Bxg6 Nxh3+ 14. gxh3 hxg6 15. Kh2 Bf5 16. Qg2 Rd3 17. Na3 Qc7 18. Nb5 Qd7 19. e6 fxe6 20. Nc7 Rf8 21. Bg3 e5 22. Nb5 e4 23. Nh4 Ne5 24. Bxe5 Bxe5+ 25. Kh1 Rxh3+ 0-1

[Event "NRW Class1 0506"]
[Site "Germany"]
[Date "2005.12.04"]
[Round "4.8"]
[White "Naiditsch, Marija"]
[Black "Elis, Volker"]
[Result "0-1"]
[WhiteElo "2009"]
[BlackElo "2233"]
[PlyCount "100"]
[EventDate "2005.09.25"]
[EventType "team"]
[EventRounds "9"]
[EventCountry "GER"]
[SourceTitle "EXT 2006"]
[Source "ChessBase"]
[SourceDate "2005.11.24"]
[SourceVersion "1"]
[SourceVersionDate "2005.11.24"]
[SourceQuality "1"]
[WhiteTeam "Brackel"]
[BlackTeam "Godesberg II"]
[WhiteTeamCountry "GER"]
[BlackTeamCountry "GER"]

1. e4 e6 2. d4 d5 3. Nc3 Bb4 4. exd5 exd5 5. a3 Qe7+ 6. Qe2 Bxc3+ 7. bxc3 Bf5 8. Qxe7+ Nxe7 9. Bd3 Nbc6 10. Ne2 0-0-0 11. 0-0 h5 12. Be3 h4 13. Rab1 Na5 14. Rb4 Bh7 15. Rfb1 Nec6 16. Rb5 b6 17. Nf4 Ne7 18. Nh3 f6 19. Re1 Kd7 20. Nf4 c6 21. Rbb1 g5 22. Nh5 Rdf8 23. g4 hxg3 24. Nxg3 Nc4 25. Ra1 Nd6 26. Kg2 Nef5 27. Nxf5 Bxf5 28. Bxf5+ Nxf5 29. Rh1 Re8 30. Rae1 Nh4+ 31. Kg3 Re4 32. f3 Nf5+ 33. Kf2 Reh4 34. Kg2 R4h7 35. Bf2 Nd6 36. Bg3 Nc4 37. a4 Re8 38. Rxe8 Kxe8 39. Re1+ Kd7 40. Kf2 Re7 41. Rb1 Rh7 42. Re1 f5 43. Kg2 f4 44. Bf2 Re7 45. Rc1 Nb2 46. a5 bxa5 47. Ra1 Nc4 48. Ra2 Re2 49. Kf1 Re8 50. Bg1 Rb8 0-1

[Event "NRW Class1 0506"]
[Site "Germany"]
[Date "2005.11.06"]
[Round "3.8"]
[White "Alles, Christoph"]
[Black "Naiditsch, Marija"]
[Result "1-0"]
[WhiteElo "2025"]
[BlackElo "2009"]
[PlyCount "73"]
[EventDate "2005.09.25"]
[EventType "team"]
[EventRounds "9"]
[EventCountry "GER"]
[SourceTitle "EXT 2006"]
[Source "ChessBase"]
[SourceDate "2005.11.24"]
[SourceVersion "1"]
[SourceVersionDate "2005.11.24"]
[SourceQuality "1"]
[WhiteTeam "Castrop Rauxel"]
[BlackTeam "Brackel"]
[WhiteTeamCountry "GER"]
[BlackTeamCountry "GER"]

1. e4 c5 2. Nc3 Nc6 3. g3 d6 4. Bg2 g6 5. d3 Bg7 6. Be3 e6 7. Qd2 Nge7 8. Bh6 Bxh6 9. Qxh6 Ng8 10. Qe3 a6 11. Nge2 Qf6 12. 0-0-0 Nge7 13. g4 0-0 14. g5 Qg7 15. h4 f6 16. f4 e5 17. Rdf1 Be6 18. Bh3 Bxh3 19. Qxh3 Rad8 20. f5 Rf7 21. Rhg1 b5 22. h5 fxg5 23. hxg6 hxg6 24. Rxg5 Qh7 25. Qg2 Qg7 26. Nd5 Rdf8 27. Nec3 b4 28. Nxe7+ Nxe7 29. Nd5 Rf6 30. Nxf6+ Rxf6 31. Rg1 Kf7 32. fxg6+ Nxg6 33. Kb1 a5 34. Rf5 a4 35. Qh3 Ke7 36. Rxf6 Qxf6 37. Qh7+ 1-0

[Event "Dortmund op-A"]
[Site "Dortmund"]
[Date "2005.07.14"]
[Round "6"]
[White "Butschek, Tanja"]
[Black "Naiditsch, Marija"]
[Result "1-0"]
[WhiteElo "2025"]
[BlackElo "2001"]
[PlyCount "109"]
[EventDate "2005.07.08"]
[EventType "swiss"]
[EventRounds "9"]
[EventCountry "GER"]
[SourceTitle "CBM 107 Extra"]
[Source "ChessBase"]
[SourceDate "2005.09.01"]
[SourceVersion "1"]
[SourceVersionDate "2005.09.01"]
[SourceQuality "1"]

1. e4 c5 2. Nf3 e6 3. d4 cxd4 4. Nxd4 Nf6 5. Bd3 d6 6. Be3 a6 7. 0-0 b5 8. a4 bxa4 9. Rxa4 Bb7 10. Nc3 Nbd7 11. Nb3 Bc6 12. Ra2 Nc5 13. Nxc5 dxc5 14. f3 Bb7 15. Qe2 Qb6 16. Rfa1 Be7 17. Bxa6 0-0 18. Bxb7 Qxb7 19. Qb5 Qxb5 20. Nxb5 Rxa2 21. Rxa2 Rb8 22. c4 Ne8 23. Ra7 Bf8 24. Kf2 Nd6 25. Nxd6 Bxd6 26. Rd7 Bf8 27. b3 g6 28. Rd3 Ra8 29. Kg3 Kg7 30. Bf4 Ra7 31. Be5+ f6 32. Bd6 Bxd6+ 33. Rxd6 Kf7 34. Rc6 Rb7 35. Rxc5 Rxb3 36. Rc7+ Kg8 37. h4 Rc3 38. Kg4 h5+ 39. Kg3 Kf8 40. c5 Rc2 41. c6 Ke8 42. Rc8+ Ke7 43. c7 Rc5 44. Kf4 g5+ 45. hxg5 fxg5+ 46. Ke3 Kd7 47. Rh8 h4 48. Rh7+ Kc8 49. Rg7 Rxc7 50. Rxg5 Rh7 51. f4 Kd7 52. Kd4 Kd6 53. Rg6 h3 54. gxh3 Rxh3 55. f5 1-0

[Event "Dortmund op-A"]
[Site "Dortmund"]
[Date "2005.07.12"]
[Round "5"]
[White "Naiditsch, Marija"]
[Black "Richter, Kurt"]
[Result "1/2-1/2"]
[WhiteElo "2001"]
[BlackElo "2076"]
[PlyCount "40"]
[EventDate "2005.07.08"]
[EventType "swiss"]
[EventRounds "9"]
[EventCountry "GER"]
[SourceTitle "CBM 107 Extra"]
[Source "ChessBase"]
[SourceDate "2005.09.01"]
[SourceVersion "1"]
[SourceVersionDate "2005.09.01"]
[SourceQuality "1"]

1. e4 d5 2. exd5 Nf6 3. d4 Nxd5 4. c4 Nb6 5. Nc3 e5 6. d5 c6 7. Qh5 Qf6 8. Nf3 Bb4 9. Qxe5+ Qxe5+ 10. Nxe5 Bxc3+ 11. bxc3 cxd5 12. Ba3 f6 13. c5 fxe5 14. cxb6 axb6 15. Bd6 Kf7 16. Bc7 Be6 17. Bxe5 Nc6 18. Bc7 Ra3 19. Rc1 Rxa2 20. Bxb6 Rc8 1/2-1/2

[Event "Dortmund op-A"]
[Site "Dortmund"]
[Date "2005.07.10"]
[Round "3"]
[White "Naiditsch, Marija"]
[Black "Siepmann, Martin"]
[Result "0-1"]
[WhiteElo "2001"]
[BlackElo "2164"]
[PlyCount "55"]
[EventDate "2005.07.08"]
[EventType "swiss"]
[EventRounds "9"]
[EventCountry "GER"]
[SourceTitle "CBM 107 Extra"]
[Source "ChessBase"]
[SourceDate "2005.09.01"]
[SourceVersion "1"]
[SourceVersionDate "2005.09.01"]
[SourceQuality "1"]

1. e4 g6 2. d4 Bg7 3. Nc3 c6 4. Be3 d5 5. e5 h5 6. Qd2 Nh6 7. 0-0-0 b5 8. h3 a5 9. Nce2 Qb6 10. Nf4 e6 11. Bd3 Nf5 12. Nf3 Bh6 13. g4 Nxe3 14. Qxe3 Na6 15. g5 Bf8 16. Nxg6 fxg6 17. Bxg6+ Kd8 18. Nh4 c5 19. Qf3 Be7 20. Rhg1 cxd4 21. Bf7 Qc7 22. a3 Qxe5 23. g6 Bxh4 24. g7 Bg5+ 25. Kb1 Qxg7 26. h4 Rf8 27. Qxh5 Qxf7 28. Qxg5+ 0-1

[Event "Dortmund op-A"]
[Site "Dortmund"]
[Date "2005.07.08"]
[Round "1"]
[White "Naiditsch, Marija"]
[Black "Schmuecker, Marcus"]
[Result "0-1"]
[WhiteElo "2001"]
[BlackElo "2224"]
[PlyCount "98"]
[EventDate "2005.07.08"]
[EventType "swiss"]
[EventRounds "9"]
[EventCountry "GER"]
[SourceTitle "CBM 107 Extra"]
[Source "ChessBase"]
[SourceDate "2005.09.01"]
[SourceVersion "1"]
[SourceVersionDate "2005.09.01"]
[SourceQuality "1"]

1. e4 d5 2. exd5 Qxd5 3. Nc3 Qd6 4. Nf3 Nf6 5. Bc4 a6 6. a4 Bg4 7. b3 Nc6 8. Ba3 Qd7 9. 0-0 e6 10. Bxf8 Rxf8 11. Be2 0-0-0 12. d3 Bxf3 13. Bxf3 Nd4 14. Re1 g5 15. Ne4 Nxe4 16. Bxe4 f5 17. Bf3 g4 18. Be2 Qd5 19. Rb1 Rf6 20. Rb2 h5 21. c3 Nxe2+ 22. Rexe2 h4 23. d4 h3 24. Qf1 Qc6 25. Rbc2 f4 26. Red2 hxg2 27. Qxg2 Qxg2+ 28. Kxg2 f3+ 29. Kg3 Rh8 30. Rd1 Rh3+ 31. Kxg4 Rxh2 32. Kg5 Rf8 33. Kg6 Kd7 34. d5 Rg2+ 35. Kh7 e5 36. c4 Rf4 37. Rh1 e4 38. Rh3 Rfg4 39. c5 Rg7+ 40. Kh8 Rg8+ 41. Kh7 R2g7+ 42. Kh6 Rg4 43. Kh7 R8g5 44. c6+ bxc6 45. dxc6+ Ke7 46. Rd2 Rg7+ 47. Kh8 Rg8+ 48. Kh7 R4g7+ 49. Kh6 Kf6 0-1

[Event "Ruhrgebiet VK2 0405"]
[Site "Ruhrgebiet"]
[Date "2005.03.13"]
[Round "8.3"]
[White "Krieglstein, Marcel"]
[Black "Naiditsch, Marija"]
[Result "1/2-1/2"]
[WhiteElo "1809"]
[BlackElo "1892"]
[PlyCount "99"]
[EventDate "2004.09.12"]
[EventType "team"]
[EventRounds "9"]
[EventCountry "GER"]
[SourceTitle "EXT 2006"]
[Source "ChessBase"]
[SourceDate "2005.11.24"]
[SourceVersion "1"]
[SourceVersionDate "2005.11.24"]
[SourceQuality "1"]
[WhiteTeam "Holsterhausen II"]
[BlackTeam "Brackel III"]
[WhiteTeamCountry "GER"]
[BlackTeamCountry "GER"]

1. d4 d5 2. c4 c6 3. cxd5 cxd5 4. Nc3 e5 5. e3 e4 6. Bb5+ Bd7 7. Bxd7+ Qxd7 8. Nge2 Nf6 9. 0-0 Nc6 10. f3 Bd6 11. fxe4 dxe4 12. Nf4 0-0 13. Bd2 Rad8 14. Be1 Ng4 15. Qe2 g5 16. Nxe4 Bxf4 17. exf4 Qxd4+ 18. Kh1 Ne3 19. Nf6+ Qxf6 20. Qxe3 Qxb2 21. Bc3 gxf4 22. Qh3 Qc2 23. Qg4+ Qg6 24. Rxf4 Rd5 25. Bf6 h5 26. Qe2 Qd3 27. Qe1 Kh7 28. Rf3 Qg6 29. Qf2 Ne5 30. Bxe5 Rxe5 31. Rf6 Qg7 32. Rf1 Kg8 33. Rf3 Rg5 34. Qc2 a6 35. R3f2 Qg6 36. Qc7 b5 37. Qe7 Kg7 38. Qb7 Kg8 39. Qe7 Rd5 40. Rf6 Qg5 41. Qe2 Rd2 42. Qf3 Qg4 43. Qb7 Rd1 44. Qxa6 Rxf1+ 45. Rxf1 Qg5 46. h3 Rd8 47. Qb7 Qd5 48. Qe7 Ra8 49. Rf3 Ra6 50. Qe8+ 1/2-1/2

[Event "Ruhrgebiet VK2 0405"]
[Site "Ruhrgebiet"]
[Date "2004.11.28"]
[Round "4.3"]
[White "Naiditsch, Marija"]
[Black "Schuetze, Andre"]
[Result "1-0"]
[WhiteElo "1892"]
[BlackElo "1999"]
[PlyCount "33"]
[EventDate "2004.09.12"]
[EventType "team"]
[EventRounds "9"]
[EventCountry "GER"]
[SourceTitle "EXT 2006"]
[Source "ChessBase"]
[SourceDate "2005.11.24"]
[SourceVersion "1"]
[SourceVersionDate "2005.11.24"]
[SourceQuality "1"]
[WhiteTeam "Brackel III"]
[BlackTeam "Horst II"]
[WhiteTeamCountry "GER"]
[BlackTeamCountry "GER"]

1. e4 c5 2. c3 e5 3. Bc4 Nc6 4. Nf3 d6 5. d3 Qc7 6. Ng5 Nh6 7. 0-0 Be7 8. f4 0-0 9. f5 Kh8 10. Qh5 Bxg5 11. Bxg5 Ng8 12. f6 g6 13. Bh6 Nxh6 14. Qxh6 Rg8 15. Nd2 Qd8 16. Nf3 Qf8 17. Ng5 1-0

[Event "Ruhrgebiet VK1 0304"]
[Site "Ruhrgebiet"]
[Date "2004.04.25"]
[Round "9.5"]
[White "Kiryk, Ralf"]
[Black "Naiditsch, Marija"]
[Result "1/2-1/2"]
[WhiteElo "1900"]
[BlackElo "1911"]
[PlyCount "51"]
[EventDate "2003.09.28"]
[EventType "team"]
[EventRounds "9"]
[EventCountry "GER"]
[SourceTitle "EXT 2007"]
[Source "ChessBase"]
[SourceDate "2006.11.23"]
[SourceVersion "1"]
[SourceVersionDate "2006.11.23"]
[SourceQuality "1"]
[WhiteTeam "Horst II"]
[BlackTeam "Brackel III"]
[WhiteTeamCountry "GER"]
[BlackTeamCountry "GER"]

1. d4 d5 2. Nf3 Nf6 3. Bf4 c6 4. e3 Bf5 5. Be2 h6 6. 0-0 e6 7. c4 dxc4 8. Bxc4 Nbd7 9. Nc3 Nd5 10. Nxd5 exd5 11. Bd3 Bxd3 12. Qxd3 Be7 13. Ne5 Nxe5 14. Bxe5 0-0 15. Rfc1 Bd6 16. Bxd6 Qxd6 17. Rab1 a5 18. Rc5 Qc7 19. Rbc1 Qb6 20. Qc3 Qb4 21. Qc2 Rfe8 22. g3 Re4 23. Rc3 Qe7 24. Rb3 Ra6 25. Qc5 Qxc5 26. Rxc5 1/2-1/2

[Event "Bochum La Cantina op"]
[Site "Bochum"]
[Date "2003.09.25"]
[Round "4"]
[White "Naiditsch, Marija"]
[Black "Mueller, Herbert"]
[Result "0-1"]
[WhiteElo "2032"]
[BlackElo "2116"]
[PlyCount "70"]
[EventDate "2003.09.??"]
[EventType "swiss"]
[EventRounds "9"]
[EventCountry "GER"]
[SourceTitle "EXT 2004"]
[Source "ChessBase"]
[SourceDate "2003.11.25"]
[SourceVersion "1"]
[SourceVersionDate "2003.11.25"]
[SourceQuality "1"]

1. e4 e6 2. d4 b6 3. a3 Bb7 4. Nc3 Nf6 5. f3 d5 6. e5 Nfd7 7. Be3 c5 8. Bb5 Nc6 9. Bxc6 Bxc6 10. Nge2 Be7 11. 0-0 Qc7 12. f4 g6 13. Rb1 f5 14. Qe1 a6 15. Qf2 Kf7 16. a4 a5 17. b3 Rab8 18. Kh1 cxd4 19. Nxd4 Nc5 20. Nxc6 Qxc6 21. Bd4 Ne4 22. Nxe4 dxe4 23. Rfd1 Rhd8 24. Rd2 Bc5 25. Bxc5 Qxc5 26. Qxc5 bxc5 27. Rbd1 Rxd2 28. Rxd2 Ke7 29. Re2 c4 30. Re3 Rd8 31. h3 cxb3 32. Rxb3 Rd4 33. Rb7+ Kf8 34. Rxh7 e3 35. Rh8+ Kg7 0-1

[Event "Dortmund op-A"]
[Site "Dortmund"]
[Date "2003.08.10"]
[Round "9"]
[White "Naiditsch, Marija"]
[Black "Schriewer, Thomas"]
[Result "1-0"]
[WhiteElo "2032"]
[BlackElo "1796"]
[PlyCount "77"]
[EventDate "2003.08.01"]
[EventType "swiss"]
[EventRounds "9"]
[EventCountry "GER"]
[SourceTitle "CBM 095 Extra"]
[Source "ChessBase"]
[SourceDate "2003.09.04"]
[SourceVersion "1"]
[SourceVersionDate "2003.09.04"]
[SourceQuality "1"]

1. e4 c5 2. c3 d6 3. d4 Nf6 4. Bd3 Qc7 5. dxc5 Qxc5 6. Be3 Qa5 7. h3 g6 8. Nf3 Bg7 9. Nbd2 Nbd7 10. 0-0 0-0 11. Nb3 Qc7 12. Qd2 b6 13. Bh6 Bb7 14. Rfe1 Rfe8 15. Bxg7 Kxg7 16. Qe2 Nh5 17. Qe3 Rad8 18. Nh4 e6 19. g4 Nhf6 20. g5 Ng8 21. Bb5 Bc6 22. Bxc6 Qxc6 23. Nd4 Qc5 24. Qg3 Ne5 25. f4 Nc4 26. b4 Qc8 27. f5 Ne5 28. Rf1 exf5 29. exf5 gxf5 30. Nhxf5+ Kh8 31. Rad1 Qc4 32. Rfe1 Qd5 33. Qf2 Rc8 34. Nh6 Re7 35. Nxg8 Rxg8 36. Qf6+ Rg7 37. Qxe7 f6 38. Qxf6 h6 39. Qxg7+ 1-0